000 00876nam a22002777a 4500
001 BR8803545
003 BR-BrBNA
005 20230928092934.0
007 ta
008 230509b bl.||||| |||| 00| 0 por d
040 _aBR-BrBNA
_bpor
_cBiblioteca Nacional de Agricultura
041 _a(Por)
072 _aP35; P36; E16
_b0180
_b/G514
090 _ 0180 BR8803545
110 1 _aFundacao de Amparo a Pesquisa do Estado do Rio Grande do Sul, Porto Alegre (Brasil)
_94833
111 1 _aSeminario sobre Utilizacao do Solo no Inverno
_cPorto Alegre, RS (Brazil)
_d27-29 Jun 1978
245 1 _aSeminario sobre utilizacao do solo no inverno
260 3 _aPorto Alegre, RS (Brasil):
_c1978.
300 _a98 p.
650 _aTRIGO
650 _aCULTURA DE INVERNO
650 _aSOLO
650 _aRIO GRANDE DO SUL
909 _a202309
_bLucia
_c55
_dLucia Elande
942 _cBK
999 _c42097
_d42097